| 000 | 00436nam a22001697a 4500 | ||
|---|---|---|---|
| 003 | UA-OsUOA | ||
| 001 | 6074 | ||
| 007 | ta | ||
| 008 | 20050721b un ||||| |||| 00| 0 ukr d | ||
| 100 | _aПанасюк | ||
| 700 | _aД. В. | ||
| 942 | _cBK | ||
| 040 |
_aUA-OsUOA _cUA-OsUOA _dUA-OsUOA |
||
| 245 |
_aСемантичні особлив. ситуацій гостросюж. напружен.. _bBA Paper |
||
| 955 | _a2 | ||
| 650 | 7 | _2UDC | |
| 999 |
_c292236 _d292236 |
||